Slovenský život a žurnalistika

Enregistré dans:
Détails bibliographiques
Auteur principal: Ruttkay, Fraňo
Format: Livre
Langue:slovaque
Publié: Martin Osveta 1987
Édition:1. vyd.
Tags: Ajouter un tag
Pas de tags, Soyez le premier à ajouter un tag!

MARC

LEADER 00000nam a2200000 4500
001 c024753
005 20221128073901.7
041 0 |a slo 
044 |a SK 
245 1 0 |a Slovenský život a žurnalistika  |c Fraňo Ruttkay 
250 |a 1. vyd. 
264 1 |a Martin  |b Osveta  |c 1987 
300 |a 283 s. 
100 1 |a Ruttkay, Fraňo